Sudden Death: Vincitori del Pallone d'Oro - Statistics

Statistiche generali
  • Questo quiz è stato fatto 292 volte
  • Il punteggio medio è 12 su 22
Answers on the Grid
Answers color-coded by a green-red scale on the quiz's grid according to % correct below.
Xavi
Raúl
Deco
Thierry Henry
Sandro Mazzola
Ruud Gullit
Ronaldo
Ronaldinho
Zinedine Zidane
Paolo Maldini
Omar Sívori
Neymar
Virgil van Dijk
Michel Platini
Marco van Basten
Luka Modrić
Lev Yashin
Karl-Heinz Rummenigge
Paolo Rossi
Kaká
Just Fontaine
Jürgen Klinsmann
Roberto Baggio
Gianluigi Donnarumma
Alan Shearer
Johan Cruyff
Gianni Rivera
Gianluigi Buffon
George Best
Jari Litmanen
Gary Lineker
Bobby Charlton
Franco Baresi
Franck Ribéry
Ferenc Puskás
Fabio Cannavaro
Jean-Pierre Papin
Eusébio
Gerd Müller
Emilio Butragueño
Alessandro Del Piero
David Beckham
Andrés Iniesta
Alfredo Di Stéfano
 
Statistiche sulle risposte
Risposta % Corretto
Ronaldo
84%
Luka Modrić
79%
Ronaldinho
79%
Kaká
74%
Zinedine Zidane
74%
Michel Platini
73%
Marco van Basten
72%
Roberto Baggio
63%
Lev Yashin
62%
Ruud Gullit
62%
Fabio Cannavaro
60%
Johan Cruyff
57%
Paolo Rossi
56%
George Best
48%
Alfredo Di Stéfano
44%
Gianni Rivera
37%
Karl-Heinz Rummenigge
33%
Omar Sívori
33%
Eusébio
30%
Gerd Müller
27%
Bobby Charlton
26%
Jean-Pierre Papin
25%
Nessun quiz corrispondente trovato
Distribuzione punteggi
Percentuale di utenti per punteggio
Percentile per numero di risposta
I tuoi punteggi nel tempo
Non hai fatto questo quiz